Types of Candy - Statistics

General Stats
  • This quiz has been taken 162 times
  • The average score is 10 of 12
Answer Stats
Picture Answer % Correct
Skittles
96%
Candy Cane
93%
Candy Corn
91%
Jelly Beans
91%
M & Ms
91%
Snickers
90%
Twix
87%
Cotton Candy
86%
Nerds
83%
Sour Patch Kids
72%
Milky Way
67%
Starbursts
67%
No matching quizzes found
Score Distribution
Percent of People with Each Score
Percentile by Number Answered
Your Score History
You have not taken this quiz